000 00278nam a22001217a 4500
008 170913b xxu||||| |||| 00| 0 eng d
041 _aALB
080 _a53
100 _a43
101 _aFIZ
245 _aBAZAT E FIZIKES SE PERGJITHSHME
_cHYSENBEGASI.E
942 _2udc
_cBK
999 _c27455
_d27455